Normal view
MARC view
- MARTIN, R. E
Entry Personal Name
001 - CONTROL NUMBER
- control field: 74966
003 - CONTROL NUMBER IDENTIFIER
- control field: NUST
005 - DATE AND TIME OF LATEST TRANSACTION
- control field: 20210628205327.0
008 - FIXED-LENGTH DATA ELEMENTS
- fixed length control field: 210628|| aca||aabn | a|a d
040 ## - CATALOGING SOURCE
- Original cataloging agency: NUST
- Transcribing agency: NUST
100 ## - HEADING--PERSONAL NAME
- Personal name: MARTIN, R. E
670 ## - SOURCE DATA FOUND
- Source citation: Work cat.: (NUST): MARTIN, R. E, ELECTRICAL INTERFACE IN ELECTRONIC SYSTEM ITS AVOIDENCE WITHIN HIGH VOLTAGE SUBSTATIONS AND ELSE WHERE, 1979
